| 000 | 00969nam a22002417a 4500 | ||
|---|---|---|---|
| 003 | SEM | ||
| 005 | 20260618154905.0 | ||
| 008 | 260615s1985 ai ||||gr||||||01|||arm|d | ||
| 040 |
_aSEM _cSEM |
||
| 041 |
_aarm _hrus |
||
| 080 | _a882-3/Գ-91 | ||
| 100 | _aԳրին, Ալեքսանդր Ս. | ||
| 245 |
_aՇողշողուն աշխարհ : Ալիքների վրայով վազողը : _bՎեպեր / _cԱ. Գրին ; Թարգմ.՝ Վ. Դանիելյան ; Խմբ.՝ Ջ. Ղազարյան |
||
| 260 |
_aԵրևան : _bՍովետ. գրող, _c1985. |
||
| 300 |
_a447 էջ ; _bնկ. ; _c20 սմ |
||
| 490 | _aԱրկածային գրադարան | ||
| 650 |
_aՌուս գրականություն _xարձակ |
||
| 653 | _aՍԷՄ | ||
| 700 |
_aԴանիելյան, Վլադիմիր Գալուստի _eթարգմ. _4trl. |
||
| 700 |
_aՂազարյան, Ջուլիետա Միհրանի _eխմբ. _4edt. |
||
| 830 | _aԱրկածային գրադարան | ||
| 942 |
_2udc _cBK _n0 |
||
| 999 |
_c77300 _d77300 |
||